000 00794nam a2200277 a 4500
001 000108015
003 CHAP
005 20220329143953.0
008 131127s2009 mx a |r| ||||||spa d
010 _a104477
011 _a105449
020 _a9786077686842
040 _cCHAP
082 0 4 _a658.82028546
_bC95
100 1 _aCruz Herradón, Ana
_9124780
245 1 0 _aMarketing electrónico para PYMES :
_bcómo vender, promocionar y posicionarse en internet /
_cpor Ana Cruz Herredón.
260 _aMéxico :
_bAlfaomega,
_cc2009.
300 _a264 p. :
_bil.
590 _aE5995AHE
_b05
_c20131127
_lUCH01
_h1424
650 1 4 _aEmpresas pequeñas.
_936658
650 1 4 _aMercadeo.
_974880
650 1 4 _aRedes computarizadas.
_995378
901 _aBK
942 _cLIBRO
942 _n0
999 _c104477
_d104477